Statistiques concernant One piece quiz saga Skypiea

Cliquez ici pour prendre le quiz!

Statistiques générales

  • Ce quiz a été pris 93 fois
  • Le résultat moyen est 11 sur 15

Statistiques - réponses

QuestionRéponse% Correct
Comment est surnommer Bellamy ?La hyène
94%
Dans le bard de Jaya, que préfère Teach comparer à Luffy ?Une tarte à la cerise
92%
Comment s'appelle le Haki sur Skypiea ?Mantra
90%
Quel est le chef des shandias ?Wiper
87%
Comment s'appelle la colonne d'eau qui permet à l'équipage de se rendre sur l'île céleste ?Le knock-up stream
83%
Comment s'appelle le chien de Ohm ?Holy
79%
Comment s'appelle l'oiseau que Luffy et ses amis doivent chercher dans la forêt ?South bird
79%
Sur Jaya, pourquoi Robin est partis du navire ?Pour se procurrer de nouveau vétements
77%
Comment s'appelle les 2 hommes de main de cricket ?Masira et shojo
69%
Comment s'appelle les 4 prélats ?Gedatsu, Ohm, Satori et Shura
68%
A quoi correspond Fairy Vearth ?A la lune
64%
De quel membre de l'équipage de chapeau de paille est composée le groupe exploration ?Luffy, robin, zoro, chopper
57%
Comment s'appelle l'oiseau de Shura ?Fuza
54%
Dans le passée de Skypiea comment s'appelle la fille de Kalgara ?Mousse
37%
Quel sont les 5 survivants que Ener avait prédits ?Zoro, robin, nami, wiper, ener
37%

Distribution des résultats

Percentile par nombre de réponses

% des personnes avec chaque résultat

Votre développement - résultats

Vous n’avez pas pris ce quiz